000 00196 a2200097 4500
001 45841
100 _aWhitaker
245 _aWhitaker s almanack
260 _aLondon
_b
_c
090 _c28952
_d28952
942 _aNUST-CAE
_cM
_c21060
999 _c280914
_d280914